000 00664nam a2200229Ii 4500
003 JO-AjNU
008 230605s9999||||xx |||||||||||||| ||und||
017 _a1985/1851
020 _a977-367-095-3
040 _aJO-AjNU
_bara
_erda
_cJO-AjNU
041 _aara
050 1 4 _aK5128.H3788.1985
100 3 _a هرجة ، مصطفى مجدى ,
_eauthor
_946411
245 0 0 _aالأوامر على العرائض
250 _aط2
264 3 1 _aد ، م : د ،ن ، 1985
300 _a303ص
336 _atext
_btxt
_2rdacontent
337 _aunmediated
_bn
_2rdamedia
338 _avolume
_bnc
_2rdacarrier
650 4 _aقانون المدافعات
_946412
999 _aA20188
_c23756
_d23756